000 00557nam a2200169Ia 4500
003 GCL
008 140319s9999 xx 000 0 ara d
040 _aGCL /
_cGCL
082 0 4 _a320
_bا م
100 1 _aابراهيم نافع
245 1 0 _aملف الاهرام الاستراتيجى /
_cابراهيم نافع
260 _aالقاهرة :
_bمركز الاهرام للترجمة والنشر ،
_c2002
300 _a144 ص ؛
_c32 سم
650 0 4 _aالارهاب
650 0 4 _aالعراق - الاحوال السياسية
942 _2ddc
_cBK
999 _c6530
_d6530